000 00840nam a22002777a 4500
005 20210419122558.0
008 201106s2013 ||||| |||| 00| 0 eng d
020 _a9781609788896
040 _a eng
_cDLC
041 _aeng
080 _a61
_bK-20
100 _94
_aKaplan
245 _aUSMLE : Step 2 CS Core Cases
_c/ by Kaplan ; Eidted by Philip Brottman
250 _aThird Edition.
260 _aNew York :
_bKaplan Publishing,
_c2013
300 _a396 pages
365 _b34.80 usd
650 0 _969
_aMedicine
650 0 _988
_aClinical Medicine
650 0 _987
_aUSMLE Step 2 CS
653 _aმედიცინა
653 _aპაციენტის შემთხვევები
653 _aკლინიკური მედიცინა
700 _9303
_aBrottman, Phillip
942 _2udc
_cBK
_e3
999 _c402
_d402